| 000 | 01384nam a2200397 a 4500 | ||
|---|---|---|---|
| 999 |
_c23924 _d23924 |
||
| 001 | vtls010089149 | ||
| 005 | 20250924105457.0 | ||
| 008 | 180730s2010 xr a 000 0 cze d | ||
| 020 |
_a9788073676957 _q(brož.) |
||
| 040 |
_aSVKBB _bslo _cSVKBB _eAACR2 |
||
| 041 | 0 | _acze | |
| 044 |
_axr _cCZ |
||
| 072 | 7 |
_a792 _xDivadlo. Divadelné predstavenia _2konspekt |
|
| 080 |
_a792:37.016 _22001 |
||
| 080 |
_a316.346.32-053.5 _22001 |
||
| 080 |
_a(0:82-34) _22001 |
||
| 080 |
_a(0:82-25) _22001 |
||
| 080 |
_a(072) _22001 |
||
| 100 | 1 |
_aCílková, Eva _94805 |
|
| 245 | 1 | 0 |
_aHrajeme pohádky z celého světa _b[scenáře pohádkových her pro děti od 5 do 11 let] _cEva Cílková ; ilustrovala Edita Plicková |
| 250 | _aVyd. 1. | ||
| 260 |
_aPraha _bPortál _c2010 |
||
| 300 |
_a159 s. _blit. _c24 cm |
||
| 650 | 0 | 7 |
_adramatická výchova _2SNKPH _94806 |
| 650 | 0 | 7 |
_adeti školského veku _2SNKPH _94807 |
| 650 | 0 | 7 |
_ametodické príručky _2SNKPH _94808 |
| 650 | 0 | 7 |
_aFairy tales _2SNKPHeng _94809 |
| 650 | 0 | 7 |
_aDrama in eduction _2SNKPHeng _94810 |
| 650 | 0 | 7 |
_aSchool children _2SNKPHeng _94811 |
| 655 | 7 |
_aScenarios _2SNKPHeng _94812 |
|
| 655 | 7 |
_aMethodological manuals _2SNKPHeng _94813 |
|
| 655 | 7 |
_arozprávky _2SNKPH _94361 |
|
| 655 | 7 |
_ascenáre _2SNKPH _94814 |
|
| 700 | 1 |
_aPlicková, Edita, _d1940- _4ill _94815 |
|